| 000 | 00708cam a2200205 i 4500 | ||
|---|---|---|---|
| 020 | _a9780198739852 (paperback) | ||
| 082 |
_a327.101 _bBAY _cD |
||
| 245 | 0 | 4 |
_aThe globalization of world politics : _ban introduction to international relations / _cJohn Baylis, Steve Smith, Patricia Owens. |
| 250 | _a6th ed. | ||
| 300 |
_axxvi, 610 pages : _bcolor illustrations, color maps ; _c27 cm |
||
| 500 | _aPrevious edition: 2014. | ||
| 526 |
_a0 _b0 _c0 _d327_101000000000000_BAY |
||
| 650 | 0 |
_aGlobalization _97773 |
|
| 650 | 0 | _aInternational relations | |
| 650 | 0 | _aWorld politics | |
| 700 | 1 |
_aBaylis, John, _951311 |
|
| 700 | 1 |
_aOwens, Patricia, _951312 |
|
| 700 | 1 |
_aSmith, Steve, _951313 |
|
| 942 |
_2ddc _cBK |
||
| 999 |
_c554027 _d554027 |
||